000 00688nam a22001937a 4500
003 NUST - PNEC
005 20170116181203.0
008 160219b xxu||||| |||| 00| 0 eng d
020 _a9781439895832
040 _cLIBRARY
082 _a005.8 MUK
100 _916537
_aMukhopadhyay, Debdeep
245 _aHardware security : design, threats, and safeguards
_cDebdeep Mukhopadhyay
260 _aBoca Raton:
_bCRC Press;
_cC2015.
300 _a556 pages
650 _916539
_aComputer Security
_xMIS
856 _uhttp://www.amazon.com/Hardware-Security-Design-Threats-Safeguards/dp/143989583X/ref=sr_1_1?s=books&ie=UTF8&qid=1455856975&sr=1-1&keywords=9781439895832
942 _2ddc
_cBK
999 _c71539
_d71539